LDR 01125nam a2200265 i 4500 001 000000009578 003 CaOOAMICUS 005 20260522165637.0 008 180830s2002 it u000 u ita u 020 $a88-06-14977-6 040 $aSeMil$bita 245 13$aIl Friuli Venezia Giulia /$ca cura di Roberto Finzi , Claudio Magris e Giovanni Miccoli. 264 1$aTorino :$bEinaudi,$c2002. 300 $a2 v. :$bill. ;$c22 cm 650 4$aFriuli-Venezia Giulia - Storia - Sec. 19.-20.$0(OLS)http://semarc/subject/60349 700 1 $aFinzi, Roberto,$d<1941-2020>.$0(OLS)http://semarc/name/4717 700 1 $aMagris, Claudio,$d<1939- >.$0(OLS)http://semarc/name/1323 700 1 $aMiccoli, Giovanni,$d<1933-2017>.$0(OLS)http://semarc/name/89703 773 0 $tStoria d'Italia.$dTorino : Einaudi, 1977-2002.$w()3449 774 0 $tVol. 1.$w()116554 774 0 $tVol. 2.$w()116553 996 $6020$a88-06-14977-6$9(OLS)http://semarc/number/893 996 $6245$aIl Friuli Venezia Giulia$9(OLS)http://semarc/title/12654 996 $6264$aTorino :$bEinaudi$9(OLS)http://semarc/publisher/29884